| 000 | 00497nam a2200193Ia 4500 | ||
|---|---|---|---|
| 005 | 20260415160349.0 | ||
| 008 | 008 250505s9999 xx 000 0 eng d | ||
| 037 | _aTextual | ||
| 040 |
_aFEDL _beng _cFEDL |
||
| 041 |
_aeng _2eng |
||
| 084 |
_a154.22 FRE _qFEDL |
||
| 100 | _aFreud Sigm | ||
| 245 | 0 | _aEgo and the ID | |
| 250 | _a4th | ||
| 260 |
_aLondon, UK _bHogarth Press _c1947 |
||
| 300 | _a88p. | ||
| 942 |
_cTEXL _h154.22 FRE |
||
| 999 |
_c1322134 _d1322134 |
||